000
003340000a22001570004500
650
_a
Nepali poetry
082
_a
N895.511
_b
S927s
530
_a
M
100
_a
Sarma, Motiprasad
245
_a
Sarita; kavita sangraha
260
_a
Kalimpong
_b
Vivecana Prakasan
260
_c
1993
041
_a
Nep
300
_a
56p.
942
_c
GEN
999
_c
8242
_d
8242